000 00395nam a2200145Ia 4500
008 240729s9999 xx 000 0 und d
022 _a2790-5241
245 0 _aWasit Journal for Pure Sciences
260 _aIraq
260 _bCollege of Education for Pure Sciences
650 _aScience
856 _uhttps://doaj.org/toc/12a75921d1de457caad282f5abc0fc52
942 _2ddc
942 _cDOAJEJ
999 _c67193
_d67193
945 _a1
_bMadushi Gamage
_c1
_dMadushi Gamage